Race and masculinity: A comparison of Asian and Western models in men's lifestyle magazine advertisements (Record no. 166266)
[ view plain ]
| 000 -LEADER | |
|---|---|
| fixed length control field | 00454nam a22001337a 4500 |
| 008 - FIXED-LENGTH DATA ELEMENTS--GENERAL INFORMATION | |
| fixed length control field | 141104b xxu||||| |||| 00| 0 eng d |
| 100 ## - MAIN ENTRY--PERSONAL NAME | |
| Personal name | SHAW, Ping |
| 245 ## - TITLE STATEMENT | |
| Title | Race and masculinity: A comparison of Asian and Western models in men's lifestyle magazine advertisements |
| 260 ## - PUBLICATION, DISTRIBUTION, ETC. (IMPRINT) | |
| Place of publication, distribution, etc | California |
| Name of publisher, distributor, etc | Sage |
| Date of publication, distribution, etc | 2014 |
| 300 ## - PHYSICAL DESCRIPTION | |
| Extent | vol. 91 no. 1 pp. 118-138 |
| 440 ## - Journal Title | |
| Title | Journalism and Mass Communication Quarterly |
| 942 ## - ADDED ENTRY ELEMENTS (KOHA) | |
| Source of classification or shelving scheme | Library of Congress Classification |
| Item type | Journal Article |
| Withdrawn status | Lost status | Source of classification or shelving scheme | Damaged status | Not for loan | Home library | Current library | Shelving location | Date acquired | Total Checkouts | Date last seen | Price effective from | Koha item type |
|---|---|---|---|---|---|---|---|---|---|---|---|---|
| Library of Congress Classification | NURU LIBRARY | NURU LIBRARY | Open Shelf | 04/11/2014 | 04/11/2014 | 04/11/2014 | Journal Article |